Datum a čas kvízu
35
Celkem bodů
Celkový počet nahraných bodů na tomto kvízu bez doplňovacích otázek.
1.
Pořadí na kvízu
Konečné umístění týmu na tomto kvízu.
Zaznamenané odpovědi
| # | Otázka | Odpověď | Body | Výsledky |
|---|---|---|---|---|
| 1. | Ve středu vybírala Sněmovna v... | Stanislav Křeček | 1 | |
| 2. | Situaci kolem pandemie novým t... | Covid-19 | 1 | |
| 3. | V neděli 9. února se konal v... | Renée Zelweggerová, Joaquin Phoenix | 0.5 | |
| 4. | Společnost Škoda Auto minulý t... | Enyaq | 0 | |
| 5. | Fotbalisté Českých Budějovic s... | 3:0, Mladá Boleslav | 1 | |
| 6. | Šachy jsou vskutku velmi staro... | šáh | 1 | |
| 7. | Z následujících tvrzení vybert... | C | 1 | |
| 8. | Jak se nazývá typ šachové hry,... | bleskový šach (také bleskovka čili blicka) | 1 | |
| 9. | Jak se jmenuje matematický pro... | jezdcova procházka | 0 | |
| 10. | Známý šachový velmistr Garry K... | Ázerbájdžánl | 1 |